| Tag |
First Indicator |
Second Indicator |
Subfields |
| LEADER |
00000cam a2200000 a 4500 |
| 001 |
in00000537995 |
| 005 |
20151013175709.0 |
| 008 |
720710s1972 nyu 00110 engm |
| 010 |
|
|
|a 70167689
|
| 020 |
|
|
|a 0064601366
|
| 035 |
|
|
|a (OCoLC)00363451
|
| 035 |
|
|
|9 ACH6231AM
|
| 040 |
|
|
|a DLC
|c DLC
|d OCL
|d TXA
|d UtOrBLW
|
| 049 |
|
|
|a TXAM
|c [1815479]
|
| 050 |
0 |
0 |
|a PE1408
|b .C548
|
| 082 |
0 |
|
|a 808/.02
|
| 100 |
1 |
|
|a Cooper, Michele F.
|
| 245 |
1 |
4 |
|a The freshman writer /
|c Michele F. Cooper.
|
| 264 |
|
1 |
|a New York :
|b Barnes & Noble Books,
|c [1972]
|
| 264 |
|
4 |
|c ©1972
|
| 300 |
|
|
|a xi, 205 pages ;
|c 21 cm.
|
| 336 |
|
|
|a text
|b txt
|2 rdacontent
|
| 337 |
|
|
|a unmediated
|b n
|2 rdamedia
|
| 338 |
|
|
|a volume
|b nc
|2 rdacarrier
|
| 490 |
1 |
|
|a College outline series,
|v 136
|
| 500 |
|
|
|a Includes index.
|
| 650 |
|
0 |
|a English language
|x Rhetoric.
|
| 830 |
|
0 |
|a College outline series ;
|v 136.
|
| 999 |
|
|
|a MARS
|
| 999 |
f |
f |
|s be955161-0778-3513-90e1-1f5f6f2c454a
|i 04d93133-1c1e-35de-bd0a-f2e4ea0c9ce7
|t 0
|
| 952 |
f |
f |
|p ric
|a Texas A&M University
|b Rellis Campus
|c Joint Library Facility
|s JLF
|d Remote Storage
|t 0
|e PE1408 .C548
|h Library of Congress classification
|i unmediated -- volume
|m A14808855969
|
| 998 |
f |
f |
|a PE1408 .C548
|t 0
|l Remote Storage
|